「ゃ」「ゅ」「ょ」で終わる駅名 - Statistics

General Stats
  • This quiz has been taken 150 times
  • The average score is 7 of 28
Answer Stats
語尾 都道府県 語尾 % Correct
じゃ 岡山県 総社
72%
ちゃ 北海道 標茶
66%
じゅ 東京都 北千住
58%
じゅ 東京都 南千住
58%
しゃ 愛知県 一社
48%
じゃ 群馬県 群馬総社
39%
しょ 長崎県 市役所
38%
じょ 岐阜県 茶所
26%
じゃ 岡山県 東総社
25%
しょ 福岡県 採銅所
23%
しゃ 京都府 松尾大社
20%
じゃ 青森県 大蛇
18%
しゃ 兵庫県 五社
18%
しゃ 福井県 三十八社
18%
しゃ 大阪府 住吉大社
18%
しょ 兵庫県 ひめじ別所
18%
しょ 京都府 四所
16%
じゃ 兵庫県 売布神社
16%
じゃ 京都府 車折神社
14%
しょ 秋田県 十二所
14%
しゃ 大阪府 高須神社
12%
しょ 愛知県 瑞穂区役所
12%
しょ 山形県 南陽市役所
11%
しょ 三重県 西別所
9%
じゃ 福井県 三国神社
8%
しょ 愛知県 港区役所
8%
じゃ 長崎県 諏訪神社
7%
じゃ 神奈川県 阿夫利神社
4%
No matching quizzes found
Score Distribution
Percent of People with Each Score
Percentile by Number Answered
Your Score History
You have not taken this quiz